[Event "TUR-chT"]
[Site "Ankara"]
[Date "2022.08.23"]
[Round "8.2"]
[White "Caglar, Ahmet Ata"]
[Black "Kilic, Eray"]
[Result "0-1"]
[WhiteElo "2077"]
[BlackElo "2417"]
[PlyCount "104"]
[EventDate "2022.08.16"]
[EventType "team-tourn"]
[EventRounds "13"]
[EventCountry "TUR"]
[SourceTitle "CBM 209 Extra"]
[Source "ChessBase"]
[SourceDate "2022.09.30"]
[SourceVersion "1"]
[SourceVersionDate "2022.09.30"]
[SourceQuality "1"]
[WhiteTeam "Darassufaka Spor"]
[BlackTeam "Karaman Futbol"]
[WhiteTeamCountry "TUR"]
[BlackTeamCountry "TUN"]

1. d4 Nf6 2. Nf3 g6 3. Nbd2 d5 4. e3 Bg7 5. b4 0-0 6. Be2 Ne4 7. Bb2 Qd6 8. a3 Nxd2 9. Qxd2 Nd7 10. c4 dxc4 11. Bxc4 Nb6 12. Be2 Rd8 13. Rd1 c6 14. 0-0 Bg4 15. Qc2 Qe6 16. h3 Bf5 17. Qc1 Na4 18. Bc4 Qf6 19. Ne5 Be6 20. Ba1 Nb6 21. e4 Bxc4 22. Nxc4 Qe6 23. Na5 Rd7 24. Rfe1 Rc8 25. Qc2 Rcd8 26. Nb3 Qc4 27. Qb1 Na4 28. Rc1 Qb5 29. Qc2 Rd6 30. Red1 e5 31. Nc5 Nxc5 32. dxc5 Rd3 33. Bb2 h5 34. Rxd3 Qxd3 35. Qxd3 Rxd3 36. Bc3 Bh6 37. Rc2 Rd1+ 38. Kh2 f6 39. Kg3 Rd3+ 40. Kh2 h4 41. Kg1 Rd1+ 42. Kh2 Kf7 43. g3 hxg3+ 44. fxg3 Rd3 45. Kg2 Re3 46. Kf2 Rxe4 47. Bb2 a6 48. Bc3 Rc4 49. Ke2 Re4+ 50. Kf2 Ke6 51. Bb2 Kd5 52. Rc3 Rc4 0-1

[Event "EU-ch Online 2300+ Qual"]
[Site "Chess.com INT"]
[Date "2020.05.29"]
[Round "1"]
[White "Caglar, Ahmet Ata"]
[Black "Riff, Jean Noel"]
[Result "1-0"]
[WhiteElo "2077"]
[BlackElo "2504"]
[PlyCount "99"]
[EventDate "2020.05.29"]
[EventType "swiss"]
[EventRounds "8"]
[EventCountry "NET"]
[SourceTitle "CBM 196 Extra"]
[Source "ChessBase"]
[SourceDate "2020.07.31"]
[SourceVersion "1"]
[SourceVersionDate "2020.07.31"]
[SourceQuality "1"]

1. d4 Nf6 2. Nf3 e6 3. Bf4 d5 4. e3 Bd6 5. Nbd2 0-0 6. Bd3 c5 7. c3 Bxf4 8. exf4 cxd4 9. Nxd4 Nc6 10. N2f3 Qc7 11. g3 Ne4 12. 0-0 f5 13. Rc1 Qb6 14. Qb3 Bd7 15. Qxb6 axb6 16. a3 Nc5 17. Be2 Rfc8 18. c4 Ne7 19. Ne5 Rd8 20. cxd5 Nxd5 21. Bc4 Be8 22. Rfd1 Bf7 23. Nb5 Rac8 24. Bxd5 exd5 25. b4 Ne4 26. Rxc8 Rxc8 27. Nxf7 Kxf7 28. f3 Nc3 29. Nxc3 Rxc3 30. Rxd5 Ke6 31. Rb5 Rc6 32. a4 g6 33. Kg2 Kd6 34. g4 fxg4 35. fxg4 Rc2+ 36. Kg3 Kc6 37. f5 gxf5 38. Rxf5 Ra2 39. a5 bxa5 40. bxa5 Kd6 41. h4 Ke6 42. Rb5 h6 43. h5 Kf6 44. Rb6+ Kg7 45. Rxb7+ Kg8 46. Ra7 Ra4 47. a6 Kh8 48. Kf3 Kg8 49. Ke3 Rxg4 50. Rb7 1-0

[Event "EU-ch Online 2300+ Qual"]
[Site "Chess.com INT"]
[Date "2020.05.29"]
[Round "7"]
[White "Caglar, Ahmet Ata"]
[Black "Sirosh, Ilja"]
[Result "1-0"]
[WhiteElo "2077"]
[BlackElo "2405"]
[PlyCount "91"]
[EventDate "2020.05.29"]
[EventType "swiss"]
[EventRounds "8"]
[EventCountry "NET"]
[SourceTitle "CBM 196 Extra"]
[Source "ChessBase"]
[SourceDate "2020.07.31"]
[SourceVersion "1"]
[SourceVersionDate "2020.07.31"]
[SourceQuality "1"]

1. d4 Nf6 2. Nf3 c5 3. d5 b5 4. a4 b4 5. c4 g6 6. b3 Bg7 7. Bb2 a5 8. Nbd2 0-0 9. e4 d6 10. Bd3 e5 11. dxe6 fxe6 12. e5 Ng4 13. Qc2 Nxe5 14. Nxe5 dxe5 15. Ne4 Qe7 16. 0-0 Nc6 17. Bc1 Nd4 18. Qd1 Rf5 19. Rb1 Bb7 20. Qg4 Raf8 21. Bg5 Qc7 22. Ng3 Qf7 23. Be3 h5 24. Qd1 h4 25. Nxf5 exf5 26. Bxd4 cxd4 27. c5 Qc7 28. Rc1 h3 29. c6 hxg2 30. Re1 Bc8 31. Qf3 e4 32. Bc4+ Kh7 33. Qxg2 Qxc6 34. Bg8+ Rxg8 35. Rxc6 Be5 36. Rec1 Bd7 37. Rc7 Bxc7 38. Rxc7 Rg7 39. Qh3+ Kg8 40. Qh4 Be6 41. Qd8+ Kh7 42. Rxg7+ Kxg7 43. Qxd4+ Kh7 44. Qa7+ Kh6 45. Qxa5 Bxb3 46. Qxb4 1-0

[Event "EU-ch Online U2300 Final"]
[Site "Chess.com INT"]
[Date "2020.05.26"]
[Round "4"]
[White "Caglar, Ahmet Ata"]
[Black "Davtyan, Artur"]
[Result "1/2-1/2"]
[WhiteElo "2077"]
[BlackElo "2461"]
[PlyCount "61"]
[EventDate "2020.05.26"]
[EventType "swiss"]
[EventRounds "8"]
[EventCountry "NET"]
[SourceTitle "CBM 196 Extra"]
[Source "ChessBase"]
[SourceDate "2020.07.31"]
[SourceVersion "1"]
[SourceVersionDate "2020.07.31"]
[SourceQuality "1"]

1. d4 d5 2. Nf3 Nf6 3. Bf4 e6 4. e3 Bd6 5. Nbd2 b6 6. c3 Bb7 7. Bd3 c5 8. 0-0 Nc6 9. Bxd6 Qxd6 10. dxc5 bxc5 11. e4 0-0 12. exd5 exd5 13. Re1 Rfe8 14. Qa4 h6 15. h3 Nh5 16. Qb5 Nf4 17. Bf1 Reb8 18. Nb3 Ne6 19. Rad1 Ne7 20. Qe2 Ng6 21. Qe3 Bc6 22. Ne5 Nxe5 23. Qxe5 Qxe5 24. Rxe5 a5 25. c4 a4 26. cxd5 axb3 27. axb3 Bxd5 28. Rexd5 Rxb3 29. Bc4 Rxb2 30. Re5 Rc2 31. Bb3 1/2-1/2

[Event "EU-ch Online U2300 Qual"]
[Site "Chess.com INT"]
[Date "2020.05.25"]
[Round "5"]
[White "Caglar, Ahmet Ata"]
[Black "Hasanagic, Anel"]
[Result "0-1"]
[WhiteElo "2077"]
[BlackElo "2235"]
[PlyCount "116"]
[EventDate "2020.05.25"]
[EventType "swiss"]
[EventRounds "8"]
[EventCountry "NET"]
[SourceTitle "EXT 2021"]
[Source "ChessBase"]
[SourceDate "2020.10.23"]
[SourceVersion "1"]
[SourceVersionDate "2020.10.23"]
[SourceQuality "1"]

1. d4 d6 2. c4 f5 3. g3 Nf6 4. Bg2 g6 5. Nh3 Bg7 6. 0-0 0-0 7. Nc3 c6 8. d5 e5 9. dxe6 Bxe6 10. Qb3 Qe7 11. Ng5 Bc8 12. c5+ d5 13. Bf4 Qxc5 14. e4 fxe4 15. Ncxe4 Nxe4 16. Nxe4 Qb6 17. Nd6 Qxb3 18. axb3 Na6 19. Rfe1 Bf6 20. Bh6 Rd8 21. Re8+ Rxe8 22. Nxe8 Bxb2 23. Re1 Bd7 24. Nd6 Bf6 25. Nxb7 Rb8 26. Nd6 Nc5 27. h3 a5 28. g4 Ne6 29. f4 Be7 30. f5 Bxd6 31. fxe6 Be8 32. e7 Rxb3 33. Re6 Bc5+ 34. Kh2 Kf7 35. Re2 Bd6+ 36. Kg1 Rb1+ 37. Kf2 Bxe7 38. Kg3 Rb3+ 39. Bf3 a4 40. Kg2 a3 41. Bc1 Bf6 42. Ra2 Bb2 43. Bd1 Rb7 44. Be3 Bd7 45. Kf3 Be6 46. Bc5 d4 47. Rxa3 Bxa3 48. Bxa3 Bd5+ 49. Kf4 Rb1 50. Bc2 Rf1+ 51. Kg5 Kg7 52. Bc5 h6+ 53. Kh4 g5+ 54. Kg3 Rf3+ 55. Kh2 d3 56. Bd1 Rf1 57. Ba4 d2 58. Bd4+ Kf7 0-1

[Event "EU-ch Online U2300 Qual"]
[Site "Chess.com INT"]
[Date "2020.05.25"]
[Round "2"]
[White "Peycheva, Gergana"]
[Black "Caglar, Ahmet Ata"]
[Result "0-1"]
[WhiteElo "2255"]
[BlackElo "2077"]
[PlyCount "74"]
[EventDate "2020.05.25"]
[EventType "swiss"]
[EventRounds "8"]
[EventCountry "NET"]
[SourceTitle "EXT 2021"]
[Source "ChessBase"]
[SourceDate "2020.10.23"]
[SourceVersion "1"]
[SourceVersionDate "2020.10.23"]
[SourceQuality "1"]

1. d4 Nf6 2. c4 g6 3. Nc3 Bg7 4. e4 d6 5. Nf3 0-0 6. Be2 e5 7. 0-0 exd4 8. Nxd4 Re8 9. f3 c6 10. Re1 Na6 11. Kh1 Nh5 12. g3 Bh3 13. Be3 Nc5 14. Qd2 f5 15. exf5 gxf5 16. Rad1 Qf6 17. g4 fxg4 18. fxg4 Qg6 19. b4 Ne4 20. Nxe4 Rxe4 21. Bf3 Bxg4 22. Bxe4 Qxe4+ 23. Qg2 Qxg2+ 24. Kxg2 Bxd1 25. Rxd1 Re8 26. Nf5 Be5 27. Kf3 Rf8 28. Ke4 Nf6+ 29. Kd3 Ng4 30. Rg1 Rxf5 31. Rxg4+ Kf7 32. Bxa7 Rf3+ 33. Be3 Bxh2 34. Ke4 Rh3 35. Bd4 Ke6 36. a4 d5+ 37. cxd5+ cxd5# 0-1

[Event "Istanbul op"]
[Site "Istanbul"]
[Date "2019.09.01"]
[Round "9"]
[White "Caglar, Ahmet Ata"]
[Black "Valiyev, Shahin"]
[Result "1/2-1/2"]
[WhiteElo "2055"]
[BlackElo "1854"]
[PlyCount "118"]
[EventDate "2019.08.26"]
[EventType "swiss"]
[EventRounds "9"]
[EventCountry "TUR"]
[SourceTitle "EXT 2020"]
[Source "ChessBase"]
[SourceDate "2019.10.17"]
[SourceVersion "1"]
[SourceVersionDate "2019.10.17"]
[SourceQuality "1"]

1. Nf3 Nf6 2. g3 g6 3. Bg2 Bg7 4. 0-0 0-0 5. c4 c6 6. b3 Ne4 7. d4 d5 8. Bb2 Nd7 9. Nc3 Ndf6 10. Nd2 Nxc3 11. Bxc3 b5 12. e4 bxc4 13. e5 Ne4 14. Nxe4 dxe4 15. bxc4 Bf5 16. Qe2 c5 17. Bxe4 cxd4 18. Bxa8 dxc3 19. Be4 Qd4 20. Bxf5 gxf5 21. Rfe1 Bh6 22. Qc2 e6 23. Rad1 Bd2 24. Re2 Rc8 25. Rexd2 cxd2 26. Rxd2 Rxc4 27. Rxd4 Rxc2 28. Ra4 Rc7 29. Kg2 Kg7 30. Ra6 Rd7 31. Kf3 Kg6 32. a4 Kg5 33. h3 h6 34. Ke3 Rc7 35. f4+ Kg6 36. Kd4 h5 37. h4 Kg7 38. Ra5 Kf8 39. Rc5 Rd7+ 40. Kc4 Rd1 41. Kb5 Rd3 42. Ka6 Rxg3 43. Kxa7 Rg4 44. Kb6 Rxh4 45. a5 Rxf4 46. a6 Rb4+ 47. Rb5 Ra4 48. a7 Rxa7 49. Kxa7 Kg7 50. Kb6 f6 51. Kc5 fxe5 52. Kd6 Kf6 53. Rxe5 h4 54. Re1 Kg5 55. Kxe6 h3 56. Ke5 Kg4 57. Rh1 Kg3 58. Kxf5 h2 59. Rxh2 Kxh2 1/2-1/2

[Event "TUR Cup"]
[Site "Antalya"]
[Date "2019.02.02"]
[Round "10"]
[White "Selvi, Kaan"]
[Black "Caglar, Ahmet Ata"]
[Result "1-0"]
[WhiteElo "1854"]
[BlackElo "2093"]
[PlyCount "113"]
[EventDate "2019.01.27"]
[EventType "swiss"]
[EventRounds "11"]
[EventCountry "TUR"]
[SourceTitle "CBM 188 Extra"]
[Source "ChessBase"]
[SourceDate "2019.02.26"]
[SourceVersion "1"]
[SourceVersionDate "2019.02.26"]
[SourceQuality "1"]

1. e4 c5 2. Nf3 Nc6 3. d4 cxd4 4. Nxd4 e5 5. Nb5 d6 6. N1c3 a6 7. Na3 b5 8. Nd5 Nge7 9. c4 Nd4 10. Bd3 Nxd5 11. cxd5 g6 12. 0-0 Bg7 13. Be3 0-0 14. Qd2 f5 15. f3 f4 16. Bxd4 exd4 17. Nc2 Bd7 18. Rac1 a5 19. a3 Rc8 20. Na1 Qb6 21. Rxc8 Rxc8 22. Rc1 Rxc1+ 23. Qxc1 b4 24. Nc2 b3 25. Ne1 g5 26. Qc4 a4 27. Kf1 Kf7 28. Ke2 h5 29. Qa6 Qb8 30. Bc4 d3+ 31. Nxd3 Ke7 32. Nb4 Bxb2 33. Nc6+ Bxc6 34. dxc6 Bd4 35. Qxa4 b2 36. Ba2 Be5 37. Qc4 Kd8 38. Qg8+ Kc7 39. Qxb8+ Kxb8 40. Kd3 Kc7 41. Kc4 Kxc6 42. h3 Kb6 43. Bb1 Ka5 44. Bc2 Kb6 45. Kd5 Kb5 46. Ke6 Kc4 47. Kf5 Kc3 48. Bb1 Kd2 49. Kxg5 Kc1 50. Ba2 b1Q 51. Bxb1 Kxb1 52. Kxh5 Kc2 53. a4 Bd4 54. Kg5 Kb3 55. Kxf4 Kxa4 56. Kf5 Kb5 57. Ke6 1-0

[Event "Wch U20 57th"]
[Site "Manavgat"]
[Date "2018.09.14"]
[Round "10"]
[White "Caglar, Ahmet Ata"]
[Black "Kwon, Sehyun"]
[Result "1-0"]
[WhiteElo "2071"]
[BlackElo "2129"]
[PlyCount "35"]
[EventDate "2018.09.05"]
[EventType "swiss"]
[EventRounds "11"]
[EventCountry "TUR"]
[SourceTitle "CBM 186 Extra"]
[Source "ChessBase"]
[SourceDate "2018.08.24"]
[SourceVersion "1"]
[SourceVersionDate "2018.08.24"]
[SourceQuality "1"]

1. d4 d5 2. c4 e6 3. Nf3 Nf6 4. g3 Bb4+ 5. Nbd2 dxc4 6. Bg2 b5 7. a4 c6 8. 0-0 Bb7 9. axb5 cxb5 10. Nxc4 Nbd7 11. Bd2 Qe7 12. Na5 Bd5 13. Bxb4 Qxb4 14. Qd2 Qd6 15. Rfc1 0-0 16. Qc3 Nb6 17. Qc5 Nc4 18. Rxc4 1-0

[Event "TUR-chT"]
[Site "Ankara"]
[Date "2018.07.26"]
[Round "2.6"]
[White "Tuncer, Tuna"]
[Black "Caglar, Ahmet Ata"]
[Result "1-0"]
[WhiteElo "2328"]
[BlackElo "2097"]
[PlyCount "115"]
[EventDate "2018.07.25"]
[EventType "team-tourn"]
[EventRounds "13"]
[EventCountry "TUR"]
[SourceTitle "CBM 185 Extra"]
[Source "ChessBase"]
[SourceDate "2018.07.29"]
[SourceVersion "1"]
[SourceVersionDate "2018.07.29"]
[SourceQuality "1"]
[WhiteTeam "Besiktas Jimnastik"]
[BlackTeam "Darassufaka Spor"]
[WhiteTeamCountry "TUR"]
[BlackTeamCountry "TUR"]

1. Nf3 Nf6 2. g3 g6 3. b3 Bg7 4. Bb2 0-0 5. Bg2 d6 6. d4 a5 7. c4 a4 8. 0-0 c5 9. Nbd2 cxd4 10. Nxd4 Qb6 11. Bc3 a3 12. Rc1 Bd7 13. h3 Rc8 14. e4 Nc6 15. Nc2 h5 16. Qe1 h4 17. g4 Ne8 18. Bxg7 Nxg7 19. Nf3 Ne5 20. Qd2 Nxf3+ 21. Bxf3 Ne6 22. Ne3 Qd4 23. Rfd1 Qxd2 24. Rxd2 Bc6 25. Bg2 Nf4 26. f3 Kf8 27. Bf1 Bd7 28. Nd5 Nxd5 29. exd5 b5 30. Rdc2 bxc4 31. Rxc4 Rxc4 32. Bxc4 Rc8 33. Kf2 e6 34. Rd1 Ke7 35. Ke3 Rc5 36. Rd2 Bc8 37. dxe6 fxe6 38. Bd3 g5 39. Rc2 Rxc2 40. Bxc2 e5 41. Bf5 Bb7 42. Be4 d5 43. Bd3 Kd6 44. Be2 Kc5 45. Bd1 Kb4 46. Kd2 Ba6 47. Be2 Bxe2 48. Kxe2 Kc3 49. Kd1 Kb2 50. b4 Kxa2 51. Kc2 d4 52. b5 d3+ 53. Kxd3 Kb1 54. b6 a2 55. b7 a1Q 56. b8Q+ Kc1 57. Qc8+ Kb2 58. Qc3+ 1-0